[Event "Copa Latinoamericana de Ajedrez 2011"]
[Site "Montevideo URU"]
[Date "2011.11.05"]
[Round "8.77"]
[White "Caitano, Pablo"]
[Black "De Mello, Rodrigo"]
[Result "1/2-1/2"]
[WhiteElo "1991"]
[BlackElo "1832"]
[PlyCount "121"]
[EventDate "2011.11.01"]
[EventType "swiss"]
[EventRounds "9"]
[EventCountry "URU"]
[Source "lmi"]
[SourceDate "2011.11.01"]

1. e4 d5 2. exd5 Qxd5 3. Nc3 Qa5 4. d4 c6 5. Nf3 Nf6 6. Bc4 e6 7. Bd2 Qc7 8.
O-O Bd6 9. Qe2 O-O 10. Bb3 b6 11. Rfe1 Bb7 12. h3 Nbd7 13. Ne5 a6 14. Nxf7 Rxf7
15. Bxe6 Nf8 16. Bxf7+ Qxf7 17. Ne4 Nxe4 18. Qxe4 c5 19. Qg4 cxd4 20. Qxd4 Bc5
21. Qf4 Qd5 22. Qf3 Qxf3 23. gxf3 Bxf3 24. Be3 Rc8 25. c3 Rc6 26. Bxc5 Rg6+ 27.
Kf1 bxc5 28. Re3 Bg2+ 29. Ke2 Rb6 30. b3 Bd5 31. Rd1 Be6 32. Rd8 g6 33. c4 Kf7
34. Red3 Ke7 35. Ra8 Nd7 36. Ra7 Rc6 37. h4 Bf5 38. Re3+ Be6 39. Kf3 Kf6 40.
Kf4 Rd6 41. Rf3 h6 42. Ke3+ Bf5 43. a3 Rb6 44. b4 Ke6 45. Kf4 h5 46. Rb3 Rd6
47. b5 axb5 48. cxb5 Bd3 49. a4 c4 50. Ra3 Nf6 51. Ra6 Nd5+ 52. Kf3 c3 53.
Rxd6+ Kxd6 54. a5 c2 55. Ra1 Bxb5 56. a6 Nb6 57. a7 Kc5 58. Ke3 Bc6 59. Kd2 Be4
60. Re1 Kd4 61. f3 1/2-1/2

[Event "Copa Latinoamericana de Ajedrez 2011"]
[Site "Montevideo URU"]
[Date "2011.11.05"]
[Round "8.78"]
[White "Cordero, Renzo"]
[Black "Casas, Nicolas"]
[Result "1/2-1/2"]
[WhiteElo "1978"]
[BlackElo "1811"]
[PlyCount "74"]
[EventDate "2011.11.01"]
[EventType "swiss"]
[EventRounds "9"]
[EventCountry "URU"]
[Source "lmi"]
[SourceDate "2011.11.01"]

1. Nf3 d5 2. c4 d4 3. g3 c5 4. d3 Nc6 5. Bg2 e5 6. Nbd2 Nf6 7. O-O Bd6 8. a3
Bd7 9. Rb1 Qc7 10. Ng5 h6 11. Nge4 Nxe4 12. Nxe4 f5 13. Nxd6+ Qxd6 14. b4 Rb8
15. bxc5 Qxc5 16. Rb5 Qe7 17. Bd2 O-O 18. Qb3 b6 19. c5+ Be6 20. Bd5 Rf6 21.
cxb6 a6 22. Bxe6+ Qxe6 23. Qxe6+ Rxe6 24. Rb2 Rb7 25. a4 e4 26. a5 exd3 27.
exd3 Ne5 28. Bf4 Nxd3 29. Rd2 Nxf4 30. gxf4 Rd6 31. Rc1 Rd5 32. Ra2 d3 33. Kg2
Rb5 34. Rd1 Rb3 35. Rdd2 Kf7 36. Ra4 Ke6 37. Rc4 Rb5 1/2-1/2

[Event "Copa Latinoamericana de Ajedrez 2011"]
[Site "Montevideo URU"]
[Date "2011.11.05"]
[Round "8.79"]
[White "Barandiaran, Gabriel"]
[Black "Barra De Oliveira, Francemir"]
[Result "1-0"]
[WhiteElo "1945"]
[BlackElo "1806"]
[PlyCount "55"]
[EventDate "2011.11.01"]
[EventType "swiss"]
[EventRounds "9"]
[EventCountry "URU"]
[Source "lmi"]
[SourceDate "2011.11.01"]

1. e4 e5 2. Nf3 Nc6 3. Bb5 a6 4. Ba4 b5 5. Bb3 Bc5 6. O-O d6 7. c3 Bg4 8. Bd5
Nge7 9. Bxf7+ Kd7 10. h3 Qf8 11. hxg4 Qxf7 12. d4 Bb6 13. dxe5 Raf8 14. exd6
cxd6 15. a4 h5 16. g5 h4 17. axb5 axb5 18. Ra6 Bc7 19. Nh2 Kc8 20. Qd3 h3 21.
g3 Ne5 22. Qxb5 N7c6 23. f4 Kd7 24. fxe5 Qxf1+ 25. Nxf1 Rxf1+ 26. Qxf1 h2+ 27.
Kh1 Nxe5 28. g6 1-0

[Event "Copa Latinoamericana de Ajedrez 2011"]
[Site "Montevideo URU"]
[Date "2011.11.05"]
[Round "8.80"]
[White "De Leon, Patricia"]
[Black "Chamlian, Aram"]
[Result "1/2-1/2"]
[WhiteElo "1800"]
[BlackElo "1758"]
[PlyCount "71"]
[EventDate "2011.11.01"]
[EventType "swiss"]
[EventRounds "9"]
[EventCountry "URU"]
[Source "lmi"]
[SourceDate "2011.11.01"]

1. d4 d5 2. c4 e6 3. Nc3 Nf6 4. Bg5 Nbd7 5. cxd5 exd5 6. e3 Be7 7. Bd3 c6 8.
Nf3 O-O 9. Qc2 Re8 10. O-O Nf8 11. Rab1 Ne4 12. Bxe7 Qxe7 13. b4 Bf5 14. Rfc1
Ng6 15. b5 Rac8 16. bxc6 Qd6 17. Nd2 Nxc3 18. Qxc3 Rxc6 19. Qb3 Bxd3 20. Qxd3
Rec8 21. Nb3 Qa3 22. Qd2 b6 23. Rxc6 Rxc6 24. Rc1 Rxc1+ 25. Nxc1 Qd6 26. Qc2
Ne7 27. f3 Qc6 28. Qxc6 Nxc6 29. Nb3 f5 30. Kf2 Kf7 31. Ke2 Ke7 32. Kd2 Kd6 33.
Kc3 a6 34. g3 g6 35. Nc1 Na5 36. Nb3 1/2-1/2

[Event "Copa Latinoamericana de Ajedrez 2011"]
[Site "Montevideo URU"]
[Date "2011.11.05"]
[Round "8.81"]
[White "Dias Ibañez, Jorge Livi"]
[Black "Visillac, Alejandro"]
[Result "1/2-1/2"]
[WhiteElo "1751"]
[BlackElo "1775"]
[PlyCount "87"]
[EventDate "2011.11.01"]
[EventType "swiss"]
[EventRounds "9"]
[EventCountry "URU"]
[Source "lmi"]
[SourceDate "2011.11.01"]

1. d4 e6 2. Nf3 d5 3. Bf4 c5 4. e3 Nc6 5. c3 Nf6 6. Nbd2 Be7 7. Bd3 O-O 8. Ne5
cxd4 9. exd4 h6 10. Bg3 Re8 11. O-O Nxe5 12. dxe5 Nd7 13. Bb1 Nf8 14. Nf3 Qb6
15. Qc2 Bd7 16. Qd2 Rec8 17. Bf4 f5 18. Be3 Qc7 19. Re1 Be8 20. Nd4 Qxe5 21.
Bxh6 Qf6 22. Bf4 Bf7 23. Nf3 Ng6 24. Bg5 Ne5 25. Bxf6 Nxf3+ 26. gxf3 gxf6 27.
Bxf5 Rc6 28. Bc2 Kg7 29. Kh1 Rh8 30. Ba4 Rc4 31. Bb3 Rch4 32. Kg1 Be8 33. a4 b5
34. a5 b4 35. Qd3 Rxh2 36. Kf1 Bg6 37. Qe3 Bc5 38. Qxc5 Bd3+ 39. Kg1 Rh1+ 40.
Kg2 R1h2+ 41. Kg1 Rh1+ 42. Kg2 R8h2+ 43. Kg3 Rh3+ 44. Kg2 1/2-1/2

[Event "Copa Latinoamericana de Ajedrez 2011"]
[Site "Montevideo URU"]
[Date "2011.11.05"]
[Round "8.83"]
[White "Fernandez, Carlos"]
[Black "Romaniello, Enrique"]
[Result "0-1"]
[WhiteElo "1865"]
[BlackElo "1880"]
[PlyCount "69"]
[EventDate "2011.11.01"]
[EventType "swiss"]
[EventRounds "9"]
[EventCountry "URU"]
[Source "lmi"]
[SourceDate "2011.11.01"]

1. e4 e6 2. d4 d5 3. e5 c5 4. Nf3 Nc6 5. Bd3 cxd4 6. O-O Nge7 7. Re1 Ng6 8.
Nbd2 Qc7 9. Bb5 Bd7 10. Bxc6 bxc6 11. Nb3 c5 12. a4 Be7 13. Bd2 O-O 14. g3 f6
15. exf6 Bxf6 16. c3 dxc3 17. bxc3 Rae8 18. h4 Ne5 19. Nxe5 Bxe5 20. Qg4 Bf6
21. Qe2 e5 22. a5 Rf7 23. a6 e4 24. Ra5 c4 25. Bf4 Be5 26. Rc5 Qb6 27. Rxd5
Bxf4 28. gxf4 Qxb3 29. Qd2 Bc8 30. Rd6 Qb5 31. Qd4 Rxf4 32. Re3 Rg4+ 33. Rg3
Rxg3+ 34. fxg3 Qb1+ 35. Kg2 0-1

[Event "Copa Latinoamericana de Ajedrez 2011"]
[Site "Montevideo URU"]
[Date "2011.11.05"]
[Round "8.84"]
[White "Ibañez, Marcelo"]
[Black "Martinez, Carlos"]
[Result "0-1"]
[WhiteElo "1854"]
[BlackElo "1882"]
[PlyCount "68"]
[EventDate "2011.11.01"]
[EventType "swiss"]
[EventRounds "9"]
[EventCountry "URU"]
[Source "lmi"]
[SourceDate "2011.11.01"]

1. e4 e6 2. Nf3 d5 3. e5 c5 4. Bb5+ Bd7 5. Qe2 Nc6 6. O-O Nge7 7. c4 dxc4 8.
Bxc4 Ng6 9. d3 Qc7 10. Re1 Be7 11. Nc3 a6 12. a4 O-O 13. Qe4 Nb4 14. Qe2 Bc6
15. Ng5 h6 16. Nxe6 fxe6 17. Qg4 Kh7 18. Bxe6 Nc2 19. Bd2 Nxa1 20. Rxa1 Qxe5
21. Ne2 h5 22. f4 hxg4 23. fxe5 Nxe5 24. Ng3 Rf6 25. Bf5+ g6 26. Be4 Bxe4 27.
Nxe4 Rff8 28. Bc3 Nxd3 29. Rd1 c4 30. h3 Rf4 31. Nd2 Bc5+ 32. Kh2 gxh3 33. Nf3
hxg2 34. Kxg2 Rg4+ 0-1

[Event "Copa Latinoamericana de Ajedrez 2011"]
[Site "Montevideo URU"]
[Date "2011.11.05"]
[Round "8.85"]
[White "Milan, Julio"]
[Black "Homrich Moritz, Diego"]
[Result "0-1"]
[WhiteElo "1682"]
[BlackElo "1793"]
[PlyCount "44"]
[EventDate "2011.11.01"]
[EventType "swiss"]
[EventRounds "9"]
[EventCountry "URU"]
[Source "lmi"]
[SourceDate "2011.11.01"]

1. e4 e6 2. d4 d5 3. Nd2 Nf6 4. e5 Nfd7 5. Ngf3 c5 6. c3 Nc6 7. Nb3 Be7 8. Be3
O-O 9. Be2 c4 10. Nbd2 f6 11. exf6 Bxf6 12. Nf1 e5 13. dxe5 Ndxe5 14. Ng3 g6
15. O-O Ng4 16. Bc5 Re8 17. h3 Nge5 18. Be3 h5 19. Qc2 Be6 20. Bf4 Nxf3+ 21.
Bxf3 Bg5 22. Qd2 Qf6 0-1

[Event "Copa Latinoamericana de Ajedrez 2011"]
[Site "Montevideo URU"]
[Date "2011.11.05"]
[Round "8.86"]
[White "D'Andrea, Leonardo"]
[Black "Bidigaray, Marcio"]
[Result "1-0"]
[WhiteElo "2125"]
[BlackElo "1707"]
[PlyCount "91"]
[EventDate "2011.11.01"]
[EventType "swiss"]
[EventRounds "9"]
[EventCountry "URU"]
[Source "lmi"]
[SourceDate "2011.11.01"]

1. e4 e5 2. Nf3 Nf6 3. Nxe5 d6 4. Nf3 Nxe4 5. Nc3 Nf6 6. d4 d5 7. Be2 Be7 8.
O-O O-O 9. h3 Nc6 10. Bf4 a6 11. Re1 Bf5 12. a3 Qd7 13. Ne5 Qd8 14. Bf3 Be6 15.
Ne2 Nd7 16. Qd2 Ncxe5 17. dxe5 Nc5 18. Nd4 Ne4 19. Bxe4 dxe4 20. Nxe6 Qxd2 21.
Bxd2 fxe6 22. Rxe4 Rad8 23. Be3 Rd5 24. Re1 Bc5 25. Bxc5 Rxc5 26. c4 b5 27. Rc1
a5 28. b4 axb4 29. axb4 Rc6 30. f4 Kf7 31. Kf2 Ra8 32. Rc2 Ra4 33. c5 Rca6 34.
g4 Ra3 35. Re3 Ra1 36. f5 Rh1 37. Kg3 Rg1+ 38. Rg2 Rb1 39. Rd2 Rg1+ 40. Kh2
Raa1 41. Rd7+ Kf8 42. Red3 Rh1+ 43. Kg3 Rag1+ 44. Kh4 g5+ 45. Kxg5 h6+ 46. Kf6
1-0

[Event "Copa Latinoamericana de Ajedrez 2011"]
[Site "Montevideo URU"]
[Date "2011.11.05"]
[Round "8.87"]
[White "Dos Santos, Jonathan"]
[Black "Campiglia, Guido"]
[Result "0-1"]
[WhiteElo "1820"]
[BlackElo "2011"]
[PlyCount "60"]
[EventDate "2011.11.01"]
[EventType "swiss"]
[EventRounds "9"]
[EventCountry "URU"]
[Source "lmi"]
[SourceDate "2011.11.01"]

1. d4 Nf6 2. Nf3 e6 3. Bg5 d5 4. e3 h6 5. Bh4 Nbd7 6. c4 c6 7. Nc3 Be7 8. Bd3
O-O 9. O-O dxc4 10. Bxc4 Nd5 11. Bxe7 Qxe7 12. Rc1 Nxc3 13. Rxc3 e5 14. dxe5
Nxe5 15. Nxe5 Qxe5 16. Qb3 b5 17. Be2 Bd7 18. Bf3 Rac8 19. Rfc1 c5 20. Qc2 c4
21. b3 Be6 22. bxc4 b4 23. Rd3 Rxc4 24. Qd2 Rxc1+ 25. Qxc1 Bxa2 26. Bd1 a5 27.
Rd4 Be6 28. Qb2 Qc5 29. Bc2 Rc8 30. h3 Qxc2 0-1

[Event "Copa Latinoamericana de Ajedrez 2011"]
[Site "Montevideo URU"]
[Date "2011.11.05"]
[Round "8.88"]
[White "Ottonelo Gandarias, Marcos"]
[Black "Rodriguez, Sergio"]
[Result "1-0"]
[WhiteElo "1749"]
[BlackElo "2009"]
[PlyCount "93"]
[EventDate "2011.11.01"]
[EventType "swiss"]
[EventRounds "9"]
[EventCountry "URU"]
[Source "lmi"]
[SourceDate "2011.11.01"]

1. e4 e5 2. Nf3 Nc6 3. d4 exd4 4. Bc4 Nf6 5. O-O Be7 6. Nxd4 O-O 7. Nc3 Nxe4 8.
Nxe4 d5 9. Nxc6 bxc6 10. Bd3 dxe4 11. Bxe4 Bb7 12. Qf3 Qd6 13. Bf4 Qf6 14. Bxc7
Rac8 15. Ba5 Bd6 16. Bc3 Be5 17. Qxf6 gxf6 18. Bxe5 fxe5 19. Rad1 f5 20. Bd3
Rc7 21. Bc4+ Kh8 22. Rd6 Re7 23. Rfd1 Kg7 24. Rd7 Rfe8 25. R1d6 e4 26. Be6 f4
27. Bf5 c5 28. Rxe7+ Rxe7 29. Rd7 Rxd7 30. Bxd7 Kf6 31. Kf1 Ke5 32. Ke2 h6 33.
g3 a5 34. a4 Ba6+ 35. Bb5 Bc8 36. Bc6 Bg4+ 37. Kd2 Bf3 38. Kc3 Bd1 39. Kc4 Bxc2
40. Kxc5 e3 41. gxf4+ Kxf4 42. fxe3+ Kxe3 43. Kb5 h5 44. Kxa5 h4 45. b4 Kd4 46.
Kb5 Bd3+ 47. Kb6 1-0

[Event "Copa Latinoamericana de Ajedrez 2011"]
[Site "Montevideo URU"]
[Date "2011.11.05"]
[Round "8.89"]
[White "Izquierdo, Martin"]
[Black "Fernandez, Antonio"]
[Result "0-1"]
[WhiteElo "1438"]
[BlackElo "1973"]
[PlyCount "82"]
[EventDate "2011.11.01"]
[EventType "swiss"]
[EventRounds "9"]
[EventCountry "URU"]
[Source "lmi"]
[SourceDate "2011.11.01"]

1. e4 e6 2. Nf3 c5 3. Bc4 Nc6 4. O-O Qc7 5. d3 g6 6. c3 Bg7 7. Be3 b6 8. Nbd2
Nf6 9. Qe2 O-O 10. Rfb1 Re8 11. Nf1 a6 12. a3 d5 13. Ba2 dxe4 14. dxe4 Nxe4 15.
Rd1 Nf6 16. Rac1 Bb7 17. b4 Ne7 18. Ng3 Bxf3 19. Qxf3 c4 20. a4 b5 21. a5 Nfd5
22. Bc5 Qf4 23. Qxf4 Nxf4 24. Bb1 Nfd5 25. Ne2 Nc6 26. Be4 Red8 27. Re1 Rac8
28. g3 f5 29. Bxd5 exd5 30. Nf4 d4 31. Ne6 Rd7 32. Nxg7 Kxg7 33. cxd4 Nxd4 34.
Kg2 Nb3 35. Rcd1 Rxd1 36. Rxd1 Nxc5 37. bxc5 Rxc5 38. Kf3 b4 39. Rd4 b3 40. Ke2
b2 41. Rd1 c3 0-1

[Event "Copa Latinoamericana de Ajedrez 2011"]
[Site "Montevideo URU"]
[Date "2011.11.05"]
[Round "8.92"]
[White "Zoppolo, Cedric"]
[Black "Villarreal, Julio"]
[Result "1/2-1/2"]
[WhiteElo "1744"]
[BlackElo "1942"]
[PlyCount "96"]
[EventDate "2011.11.01"]
[EventType "swiss"]
[EventRounds "9"]
[EventCountry "URU"]
[Source "lmi"]
[SourceDate "2011.11.01"]

1. c4 b5 2. cxb5 a6 3. e4 axb5 4. a4 Bb7 5. Qc2 Nc6 6. Bxb5 Nd4 7. Qd3 e5 8.
Nf3 Nxb5 9. Qxb5 Bxe4 10. Qxe5+ Qe7 11. Qxe7+ Bxe7 12. Nd4 Bd3 13. Nc3 c6 14.
Nde2 Nf6 15. O-O O-O 16. Re1 Bc5 17. Nf4 Ba6 18. d3 g5 19. Nh3 h6 20. Ne4 Nxe4
21. dxe4 Rfe8 22. Kh1 f5 23. Be3 Bxe3 24. fxe3 fxe4 25. Nf2 h5 26. a5 Rab8 27.
Rab1 Rb5 28. b4 g4 29. Red1 Rf5 30. Kg1 d5 31. Rbc1 Re6 32. Rd2 Ref6 33. g3 Rf3
34. Re1 Kf8 35. Ra2 Ke7 36. Rc2 Kd7 37. Ra2 Kc7 38. Rc2 Kb7 39. Rb2 Bb5 40. Kg2
Ka6 41. Rc2 Bc4 42. Nd1 Rf8 43. Nc3 Bf1+ 44. Kg1 Bh3 45. Rcc1 Rf2 46. Kh1 Bg2+
47. Kg1 Rb2 48. Rb1 Rff2 1/2-1/2

[Event "Copa Latinoamericana de Ajedrez 2011"]
[Site "Montevideo URU"]
[Date "2011.11.05"]
[Round "8.93"]
[White "Piñero, Ismael"]
[Black "Rey, Fernando"]
[Result "1/2-1/2"]
[WhiteElo "1874"]
[BlackElo "1810"]
[PlyCount "100"]
[EventDate "2011.11.01"]
[EventType "swiss"]
[EventRounds "9"]
[EventCountry "URU"]
[Source "lmi"]
[SourceDate "2011.11.01"]

1. e4 e6 2. d4 d5 3. e5 c5 4. Nf3 Nc6 5. Bd3 cxd4 6. a3 Nge7 7. O-O Ng6 8. Re1
h6 9. g3 Bd7 10. b4 a6 11. Nbd2 Qc7 12. Qe2 Be7 13. Nb3 Qb6 14. Bb2 Nf8 15.
Nbxd4 Rc8 16. Nxc6 Bxc6 17. Bd4 Qc7 18. Nd2 Nd7 19. f4 b5 20. f5 Nf8 21. f6
gxf6 22. exf6 Bd6 23. Nf3 Kd8 24. Ne5 Bxe5 25. Bxe5 Qd7 26. Rad1 Qe8 27. Bd6
Nd7 28. Be7+ Kc7 29. Qf2 Ra8 30. a4 Qg8 31. axb5 axb5 32. Ra1 Qb8 33. Ra5 Qb6
34. Rea1 Qxf2+ 35. Kxf2 Rxa5 36. bxa5 Ra8 37. Kf3 Ne5+ 38. Ke2 Nc4 39. Bxc4
bxc4 40. Ke3 Bb5 41. Kd4 Kc6 42. c3 Ba6 43. Bb4 Rg8 44. Rf1 Rg6 45. Rf3 Bb5 46.
h3 h5 47. Be7 Rg5 48. Re3 Rf5 49. Re5 Ba4 50. Rxf5 exf5 1/2-1/2

[Event "Copa Latinoamericana de Ajedrez 2011"]
[Site "Montevideo URU"]
[Date "2011.11.05"]
[Round "8.94"]
[White "Dominguez, Facundo"]
[Black "Ligato, Guillermo"]
[Result "0-1"]
[WhiteElo "1786"]
[BlackElo "1789"]
[PlyCount "23"]
[EventDate "2011.11.01"]
[EventType "swiss"]
[EventRounds "9"]
[EventCountry "URU"]
[Source "lmi"]
[SourceDate "2011.11.01"]

1. e4 g6 2. Nf3 c6 3. d4 d5 4. e5 Bg4 5. h3 Bxf3 6. Qxf3 e6 7. Bd3 c5 8. c3 Qb6
9. dxc5 Bxc5 10. O-O Nc6 11. Re1 a6 12. b4 0-1

[Event "Copa Latinoamericana de Ajedrez 2011"]
[Site "Montevideo URU"]
[Date "2011.11.05"]
[Round "8.96"]
[White "Belbey, Juan"]
[Black "Gatti, Santiago"]
[Result "1/2-1/2"]
[WhiteElo "1672"]
[BlackElo "1687"]
[PlyCount "109"]
[EventDate "2011.11.01"]
[EventType "swiss"]
[EventRounds "9"]
[EventCountry "URU"]
[Source "lmi"]
[SourceDate "2011.11.01"]

1. Nf3 Nf6 2. d3 d5 3. b3 e6 4. Nbd2 Bc5 5. e3 O-O 6. Bb2 Nbd7 7. g3 b6 8. a3
Bb7 9. Bg2 Be7 10. Ne5 Nxe5 11. Bxe5 c5 12. c4 Qd7 13. f3 dxc4 14. Nxc4 Rfd8
15. d4 cxd4 16. Qxd4 Qxd4 17. Bxd4 Rac8 18. O-O Ba6 19. Rfc1 Nd5 20. h3 Bf6 21.
Bxf6 Nxf6 22. Ne5 Bb7 23. e4 Kf8 24. Bf1 Ke7 25. Bb5 Ne8 26. Nc6+ Bxc6 27. Bxc6
Nd6 28. b4 a6 29. Rc2 Rc7 30. Rac1 Rdc8 31. Ba4 Rxc2 32. Rxc2 Rxc2 33. Bxc2 Nc4
34. a4 a5 35. Bb3 Nd2 36. bxa5 bxa5 37. Bd1 Kd6 38. Kf2 Kc5 39. e5 Kb4 40. g4
Nc4 41. f4 Nb6 42. f5 Nxa4 43. f6 g6 44. h4 Nc5 45. h5 Nb3 46. Ke3 Nc5 47. Kf4
Nd7 48. g5 a4 49. Bc2 a3 50. hxg6 hxg6 51. Bb1 Kc5 52. Ke4 Nb6 53. Ba2 Nd5 54.
Bb3 Nc7 55. Ba2 1/2-1/2

[Event "Copa Latinoamericana de Ajedrez 2011"]
[Site "Montevideo URU"]
[Date "2011.11.05"]
[Round "8.97"]
[White "De La Torre, Andres"]
[Black "Tramutolo, Gustavo"]
[Result "1-0"]
[WhiteElo "2046"]
[BlackElo "1636"]
[PlyCount "93"]
[EventDate "2011.11.01"]
[EventType "swiss"]
[EventRounds "9"]
[EventCountry "URU"]
[Source "lmi"]
[SourceDate "2011.11.01"]

1. Nf3 d5 2. g3 Nf6 3. Bg2 c6 4. O-O Bf5 5. d4 h6 6. Nbd2 e6 7. Re1 Be7 8. c4
O-O 9. Ne5 Bb4 10. Qb3 a5 11. c5 Na6 12. a3 Bxd2 13. Bxd2 Rb8 14. f3 b6 15.
Nxc6 bxc5 16. Nxb8 Qxb8 17. Qxb8 Rxb8 18. Bc3 a4 19. e4 Bh7 20. exd5 Nxd5 21.
f4 Bd3 22. Bxd5 exd5 23. Re7 Kf8 24. Rae1 Bb5 25. dxc5 Nxc5 26. Bb4 Rc8 27. Rb7
Ba6 28. Ra7 Bb5 29. Ra5 Kg8 30. Rxb5 Nd3 31. Re2 Nc1 32. Rd2 Nb3 33. Rdxd5 Rc2
34. Bc3 Na1 35. Rd8+ Kh7 36. Rbd5 Re2 37. Rd4 Nc2 38. Rd2 Re1+ 39. Kf2 Rh1 40.
Kf3 Ne1+ 41. Ke4 f5+ 42. Kxf5 Nf3 43. R2d7 Nh4+ 44. gxh4 Rg1 45. Rxg7+ Rxg7 46.
Bxg7 Kxg7 47. Rd7+ 1-0

[Event "Copa Latinoamericana de Ajedrez 2011"]
[Site "Montevideo URU"]
[Date "2011.11.05"]
[Round "8.98"]
[White "De Leon, Veronica"]
[Black "Rodriguez Farias, Eduardo"]
[Result "0-1"]
[WhiteElo "1639"]
[BlackElo "2015"]
[PlyCount "68"]
[EventDate "2011.11.01"]
[EventType "swiss"]
[EventRounds "9"]
[EventCountry "URU"]
[Source "lmi"]
[SourceDate "2011.11.01"]

1. c4 Nf6 2. Nc3 c5 3. g3 d5 4. cxd5 Nxd5 5. Nxd5 Qxd5 6. Nf3 Nc6 7. Bg2 e5 8.
O-O Qd8 9. d3 Be7 10. b3 O-O 11. Bb2 f6 12. Rc1 Bd7 13. e3 Bf5 14. d4 Bg4 15.
Qd3 Qd7 16. Rfd1 Rad8 17. Qc4+ Kh8 18. Rd2 cxd4 19. exd4 e4 20. Ne1 f5 21. Nc2
Ne5 22. Qf1 Nd3 23. Rb1 Rc8 24. Ne3 Bg5 25. h3 Bh5 26. Ba1 Qd6 27. h4 Bxe3 28.
fxe3 Qxg3 29. Kh1 Qxh4+ 30. Bh3 Bf3+ 31. Kh2 f4 32. exf4 Qxf4+ 33. Kg1 Qe3+ 34.
Rf2 Rc2 0-1

[Event "Copa Latinoamericana de Ajedrez 2011"]
[Site "Montevideo URU"]
[Date "2011.11.05"]
[Round "8.100"]
[White "Guelvenzu, Esteban"]
[Black "Quevedo, Andreina"]
[Result "1/2-1/2"]
[WhiteElo "1861"]
[BlackElo "1530"]
[PlyCount "40"]
[EventDate "2011.11.01"]
[EventType "swiss"]
[EventRounds "9"]
[EventCountry "URU"]
[Source "lmi"]
[SourceDate "2011.11.01"]

1. e4 e5 2. Nf3 Nc6 3. g3 Nf6 4. d3 Bc5 5. Bg2 O-O 6. Bg5 d6 7. Nc3 h6 8. Bxf6
Qxf6 9. Nd5 Qd8 10. c3 Ne7 11. Nxe7+ Qxe7 12. O-O Rd8 13. b4 Bb6 14. a4 a6 15.
Re1 c6 16. a5 Ba7 17. Qd2 Bg4 18. h3 Bxf3 19. Bxf3 Qf6 20. Kg2 c5 1/2-1/2

[Event "Copa Latinoamericana de Ajedrez 2011"]
[Site "Montevideo URU"]
[Date "2011.11.05"]
[Round "8.101"]
[White "Pintos, Luis"]
[Black "Nacelle, Daniel"]
[Result "0-1"]
[WhiteElo "1567"]
[BlackElo "1860"]
[PlyCount "52"]
[EventDate "2011.11.01"]
[EventType "swiss"]
[EventRounds "9"]
[EventCountry "URU"]
[Source "lmi"]
[SourceDate "2011.11.01"]

1. c4 Nf6 2. Nc3 d6 3. g3 g6 4. Bg2 Bg7 5. e3 e5 6. Nge2 c6 7. O-O O-O 8. b3
Nbd7 9. Bb2 Nc5 10. b4 Nd3 11. Ba3 Re8 12. e4 c5 13. bxc5 Nxc5 14. d4 exd4 15.
Nxd4 Ncxe4 16. Nxe4 Nxe4 17. Rc1 a6 18. Nb3 Rb8 19. f3 Nc3 20. Qxd6 Ne2+ 21.
Kh1 Nxc1 22. Rxc1 Bf5 23. g4 Be6 24. Qg3 Rc8 25. Nc5 Qa5 26. Nxe6 Qxa3 0-1

[Event "Copa Latinoamericana de Ajedrez 2011"]
[Site "Montevideo URU"]
[Date "2011.11.05"]
[Round "8.102"]
[White "Baes, Diego"]
[Black "Garcia, Cristian Javier"]
[Result "1-0"]
[WhiteElo "1377"]
[BlackElo "2053"]
[PlyCount "44"]
[EventDate "2011.11.01"]
[EventType "swiss"]
[EventRounds "9"]
[EventCountry "URU"]
[Source "lmi"]
[SourceDate "2011.11.01"]

1. e4 c6 2. Nc3 d5 3. d4 dxe4 4. Nxe4 Nd7 5. Nf3 Ngf6 6. Bd3 Nxe4 7. Bxe4 Nf6
8. Bd3 Bg4 9. h3 Bh5 10. c3 e6 11. O-O Be7 12. Re1 Qc7 13. Bg5 O-O 14. Re5 Bg6
15. Nh4 Bxd3 16. Qxd3 c5 17. Bxf6 Bxf6 18. Rxc5 Qe7 19. Nf3 Rfd8 20. Qc2 Rd6
21. Re1 b6 22. Rh5 Qc7 1-0

[Event "Copa Latinoamericana de Ajedrez 2011"]
[Site "Montevideo URU"]
[Date "2011.11.05"]
[Round "8.104"]
[White "Alvarez, Miguel"]
[Black "Roibal, Felisardo"]
[Result "1-0"]
[WhiteElo "1932"]
[BlackElo "1518"]
[PlyCount "31"]
[EventDate "2011.11.01"]
[EventType "swiss"]
[EventRounds "9"]
[EventCountry "URU"]
[Source "lmi"]
[SourceDate "2011.11.01"]

1. e4 Nf6 2. Bc4 Nxe4 3. Bxf7+ Kxf7 4. Qh5+ g6 5. Qd5+ e6 6. Qxe4 Bg7 7. Nf3 d5
8. Qf4+ Qf6 9. Qxc7+ Nd7 10. d4 Qd8 11. Ng5+ Ke7 12. Qg3 Nf6 13. O-O Nh5 14.
Qh3 Ke8 15. Re1 Bxd4 16. Qh4 1-0

[Event "Copa Latinoamericana de Ajedrez 2011"]
[Site "Montevideo URU"]
[Date "2011.11.05"]
[Round "8.105"]
[White "Riverol, Santiago"]
[Black "Sanchez Britos, Ezequiel"]
[Result "1/2-1/2"]
[WhiteElo "1334"]
[BlackElo "1682"]
[PlyCount "60"]
[EventDate "2011.11.01"]
[EventType "swiss"]
[EventRounds "9"]
[EventCountry "URU"]
[Source "lmi"]
[SourceDate "2011.11.01"]

1. e4 e5 2. Nf3 Nc6 3. Bc4 Be7 4. O-O Nf6 5. d3 O-O 6. Bg5 d6 7. h3 a6 8. Nc3
h6 9. Bh4 g5 10. Bg3 h5 11. Bh2 g4 12. hxg4 hxg4 13. Nd2 Kg7 14. Bg3 Rh8 15.
Qe2 Rh7 16. f3 Qh8 17. Kf2 Nb4 18. Rfc1 Nh5 19. fxg4 Qd8 20. gxh5 Bh4 21. Nf3
Rxh5 22. Rab1 Qf6 23. Rh1 Bxg3+ 24. Kxg3 Qg6+ 25. Kf2 Bg4 26. Rxh5 Bxh5 27. Rg1
b5 28. Bd5 Rc8 29. g4 Bxg4 30. Nh4 Qf6+ 1/2-1/2

[Event "Copa Latinoamericana de Ajedrez 2011"]
[Site "Montevideo URU"]
[Date "2011.11.05"]
[Round "8.106"]
[White "Rijo, Pedro"]
[Black "Bengochea, Ricardo"]
[Result "1-0"]
[WhiteElo "1585"]
[BlackElo "1504"]
[PlyCount "84"]
[EventDate "2011.11.01"]
[EventType "swiss"]
[EventRounds "9"]
[EventCountry "URU"]
[Source "lmi"]
[SourceDate "2011.11.01"]

1. e4 e5 2. Nf3 Nc6 3. Bc4 d6 4. h3 Nf6 5. Nc3 Be6 6. Bb5 Be7 7. d4 O-O 8. d5
Bd7 9. dxc6 bxc6 10. Bd3 Qb8 11. b3 a5 12. Bg5 Bc8 13. O-O Ba6 14. Bxa6 Rxa6
15. Qe2 Ra8 16. Nh2 Bd8 17. Ng4 Kh8 18. Nxf6 Bxf6 19. Bxf6 gxf6 20. Qf3 Qd8 21.
Qf5 Rg8 22. Ne2 Rg5 23. Qf3 Rg7 24. Ng3 Rg6 25. Qe3 d5 26. f4 d4 27. Qe1 Qe7
28. fxe5 fxe5 29. Rf3 Qd7 30. Rd1 c5 31. Qf2 Rf8 32. Rf1 f6 33. Nh5 Qe6 34. Qh4
Rfg8 35. g4 Qe7 36. Kh2 Qd8 37. Nxf6 R6g7 38. Rf5 Qd6 39. Rh5 Qe7 40. g5 c4 41.
Rf5 Qf7 42. Kh1 c3 1-0

[Event "Copa Latinoamericana de Ajedrez 2011"]
[Site "Montevideo URU"]
[Date "2011.11.06"]
[Round "9.1"]
[White "Flores, Diego"]
[Black "Fier, Alexandr"]
[Result "1/2-1/2"]
[WhiteElo "2599"]
[BlackElo "2573"]
[PlyCount "28"]
[EventDate "2011.11.01"]
[EventType "swiss"]
[EventRounds "9"]
[EventCountry "URU"]
[Source "lmi"]
[SourceDate "2011.11.01"]

1. c4 e6 2. Nf3 Nf6 3. g3 d5 4. Bg2 dxc4 5. Qa4+ c6 6. Qxc4 b5 7. Qc2 Bb7 8.
O-O Nbd7 9. b3 c5 10. d3 Be7 11. a4 a6 12. Nc3 Qb6 13. e4 O-O 14. h3 Nb8
1/2-1/2